| 000 | 00826nam a2200253Ia 4500 | ||
|---|---|---|---|
| 003 | OSt | ||
| 005 | 20221005030935.0 | ||
| 006 | a|||||r|||| 00| 0 | ||
| 007 | ta | ||
| 008 | 221004b |||||||| |||| 00| 0 eng d | ||
| 020 |
_a0674013093 (pbk) _c2158.19 |
||
| 024 | _a90047 | ||
| 037 |
_b11616, 29/01/2008, Overseas Press _cTextual |
||
| 040 |
_aCRL _cCRL _beng |
||
| 041 |
_2eng _aeng |
||
| 082 | _aV5N50:3(G:55).P1, P4 | ||
| 100 |
_aKelemen R. Daniel _9583167 |
||
| 245 | 0 |
_aRules of federalism _b Institutions and regulatory politics in the EU and beyond |
|
| 260 |
_aCambridge _bHarverd University Press UK _c2004 |
||
| 300 |
_ax,244p. _ccm. |
||
| 650 | _aHISTORY | ||
| 942 |
_hV5N50:3(G:55).P1, P4 _cTEXL _2cc |
||
| 999 |
_c936957 _d936957 |
||